Statistics for French TV And Film Names

Click here to take the quiz!

General Stats

  • This quiz has been taken 506 times
  • The average score is 15 of 33

Answer Stats

French NameEnglish Name% Correct
L'Ère de glace / L'Âge de glaceIce Age
89%
Sexe à New YorkSex And The City
83%
La Guerre des étoilesStar Wars
76%
Le Silence des agneauxThe Silence Of The Lambs
74%
Frères et SœursBrothers And Sisters
73%
Tout le monde aime RaymondEverybody Loves Raymond
73%
Bob l'épongeSpongebob Squarepants
71%
1, rue SésameSesame Street
70%
Il faut sauver le soldat RyanSaving Private Ryan
67%
Les HérosHeroes
65%
La Loi et l'OrdreLaw And Order
62%
Quatre mariages et un enterrementFour Weddings And A Funeral
60%
Sabrina, l'apprentie sorcièreSabrina, The Teenage Witch
59%
Orange mécaniqueA Clockwork Orange
58%
Non, ce pays n'est pas pour le vieil hommeNo Country For Old Men
48%
Le Discours d'un roiThe King's Speech
48%
Comment je l'ai rencontréeHow I Met Your Mother
41%
Beautés désespéréesDesperate Housewives
39%
Le Trône de ferGame Of Thrones
36%
Les GriffinFamily Guy
36%
Le Seigneur des anneauxThe Lord Of The Rings
34%
Phénomène RavenThat's So Raven
34%
Mon oncle CharlieTwo And A Half Men
30%
Le Pouilleux millionnaireSlumdog Millionaire
29%
Le ParrainThe Godfather
26%
À la Maison BlancheThe West Wing
25%
Les Petits Pieds du bonheurHappy Feet
24%
Raison et SentimentsSense And Sensibility
22%
La Patrouille du cosmosStar Trek
19%
Mariage à la grecqueBig Fat Greek Wedding
14%
Les Mystères de l'OuestThe Wild Wild West
7%
Carré de dames / Les CraquantesGolden Girls
5%
DémineursThe Hurt Locker
3%

Score Distribution

Percentile by Number Answered

Percent of People with Each Score

Your Score History

You have not taken this quiz